Statistics for دنیا کے ممالک

Click here to take the quiz!

General Stats

  • This quiz has been taken 22 times
  • The average score is 17 of 196

Answers on the Map

Answers color-coded by a green-red scale on the quiz's map according to % correct below.
 

Answer Stats

ملک% Correct
پاکستان
50%
روس
40%
بنگلادیش
40%
میکسیکو
30%
نیپال
30%
چین
30%
کینیڈا
30%
کمبوڈیا
30%
بھوٹان
30%
ترکی
30%
افغانستان
30%
ریاستہائے متحدہ امریکہ
30%
ویت نام
30%
میانمار
20%
بحرین
20%
فلپائن
20%
قطر
20%
یمن
20%
فرانس
20%
سنگاپور
20%
جرمنی
20%
مصر
20%
سری لنکا
20%
جاپان
20%
برونائی دارالسلام
20%
بھارت
20%
ایران
20%
انڈونیشیا
20%
تھائی لینڈ
20%
برازیل
20%
ملائیشیا
20%
لاؤس
20%
نمیبیا
10%
شمالی کوریا
10%
نائجر
10%
نکاراگوا
10%
مڈغاسکر
10%
نیوزی لینڈ
10%
اردن
10%
ملاوی
10%
کویت
10%
مراکش
10%
لیسوتھو
10%
منگولیا
10%
قازقستان
10%
زیمبیا
10%
مالی
10%
کیریباتی
10%
مالدیپ
10%
موزمبیق
10%
تووالو
10%
ناروے
10%
ازبکستان
10%
یوکرین
10%
ترکمانستان
10%
متحدہ عرب امارات
10%
تیونس
10%
تاجکستان
10%
تائیوان
10%
شام
10%
سویڈن
10%
ایسواتینی
10%
سوڈان
10%
یوراگوئے
10%
جنوبی سوڈان
10%
جنوبی کوریا
10%
عمان
10%
جنوبی افریقہ
10%
صومالیہ
10%
وینیزویلا
10%
سیچیلیس
10%
سعودی عرب
10%
ساؤٹوم
10%
اطالیہ
10%
جمہوریہ کانگو
10%
پرتگال
10%
پیراگوئے
10%
پاپوا نیو گنی
10%
پاناما
10%
پیرو
10%
لیبیا
10%
زمبابوے
10%
چاڈ
10%
مائکرونیشیا
10%
ایکواڈور
10%
ڈومینیکا
10%
جبوتی
10%
ڈنمارک
10%
جمہوری جمہوریہ کانگو
10%
قبرص
10%
آئیوری کوسٹ
10%
کولمبیا
10%
چلی
10%
بوٹسوانا
10%
فن لینڈ
10%
بولیویا
10%
بیلیز
10%
بیلاروس
10%
بہاماس
10%
آذربائیجان
10%
آسٹریلیا
10%
آرمینیا
10%
ارجنٹائن
10%
انگولا
10%
الجزائر
10%
فجی
10%
کیوبا
10%
گنی
10%
ہنگری
10%
گیانا
10%
ہیٹی
10%
یونان
10%
آئس لینڈ
10%
گواتیمالا
10%
عراق
10%
وسطی افریقی جمہوریہ
0%
سرینام
0%
گنی بساؤ
0%
بوسنیا و ہرزیگووینا
0%
سویٹزرلینڈ
0%
لیٹویا
0%
بلغاریہ
0%
سلوواکیہ
0%
برکینا فاسو
0%
لبنان
0%
برونڈی
0%
سلووینیا
0%
ہسپانیہ
0%
بینن
0%
کیپ ورڈی
0%
جزائر سلیمان
0%
کیمرون
0%
مالٹا
0%
تنزانیہ
0%
برطانیہ
0%
جمائکا
0%
انڈورا
0%
اینٹیگوا و باربوڈا
0%
ویٹیکن سٹی
0%
وانواٹو
0%
کینیا
0%
آسٹریا
0%
کرغیزستان
0%
یوگنڈا
0%
کوسوو
0%
بارباڈوس
0%
بلجئیم
0%
ٹرینیڈاڈ و ٹوباگو
0%
ٹونگا
0%
سیرالیون
0%
ٹوگو
0%
سربیا
0%
لائبیریا
0%
ناورو
0%
گریناڈا
0%
ایل سیلواڈور
0%
نائجیریا
0%
استوائی گنی
0%
اریتریا
0%
استونیا
0%
نیدرلینڈز
0%
حبشہ
0%
گھانا
0%
جمہوریہ ڈومینیکن
0%
جارجیا
0%
مونٹینیگرو
0%
گببون
0%
موناکو
0%
مالدووا
0%
گیمبیا
0%
موریشس
0%
ماریطانیہ
0%
مشرقی تیمور
0%
پلاؤ
0%
جزائر مارشل
0%
روانڈا
0%
سینیگال
0%
کوموروس
0%
کوسٹاریکا
0%
سان مارینو
0%
سامووا
0%
سینٹ وینسینٹ و گریناڈائنز
0%
سینٹ لوسیا
0%
سینٹ کیٹز و ناویس
0%
البانیا
0%
شمالی مقدونیہ
0%
رومانیہ
0%
کرویئشا
0%
آئرلینڈ
0%
لیچسٹین
0%
پولینڈ
0%
چیک جمہوریہ
0%
لتھووینیا
0%
لگزیمبرگ
0%
اسرائیل
0%

Score Distribution

Percentile by Number Answered

Percent of People with Each Score

Your Score History

You have not taken this quiz